Every Song by the Smashing Pumpkins - Statistics

General Stats
  • This quiz has been taken 215 times
    194 since last reset
  • The average score is 88 of 288
Answer Stats
Album Song % Correct
Siamese Dream(1993) Today
91%
Siamese Dream(1993) Mayonaise
85%
Mellon Collie and the Infinite Sadness-Dawn to Dusk(1995) Bullet with Butterfly Wings
84%
Mellon Collie and the Infinite Sadness-Twilight to Starlight(1995) 1979
82%
Siamese Dream(1993) Cherub Rock
81%
Mellon Collie and the Infinite Sadness-Dawn to Dusk(1995) Tonight, Tonight
81%
Siamese Dream(1993) Disarm
80%
Mellon Collie and the Infinite Sadness-Dawn to Dusk(1995) Zero
78%
Siamese Dream(1993) Luna
75%
Siamese Dream(1993) Geek U.S.A.
74%
Mellon Collie and the Infinite Sadness-Dawn to Dusk(1995) Mellon Collie and the Infinite Sadness
73%
Siamese Dream(1993) Rocket
72%
Adore(1998) Ava Adore
71%
Siamese Dream(1993) Silverfuck
71%
Siamese Dream(1993) Soma
67%
Siamese Dream(1993) Quiet
66%
Gish(1991) | Lull(1991) Rhinoceros
66%
Adore(1998) Perfect
64%
Mellon Collie and the Infinite Sadness-Dawn to Dusk(1995) Jellybelly
62%
Mellon Collie and the Infinite Sadness-Dawn to Dusk(1995) Galapagos
61%
Siamese Dream(1993) Hummer
61%
Gish(1991) Siva
61%
Siamese Dream(1993) Spaceboy
61%
Mellon Collie and the Infinite Sadness-Dawn to Dusk(1995) Here is No Why
60%
Mellon Collie and the Infinite Sadness-Dawn to Dusk(1995) Love
60%
Mellon Collie and the Infinite Sadness-Twilight to Starlight(1995) | The Aeroplane Flies High(1996) Thirty-Three
60%
Mellon Collie and the Infinite Sadness-Twilight to Starlight(1995) Thru the Eyes of Ruby
59%
Mellon Collie and the Infinite Sadness-Twilight to Starlight(1995) X.Y.U.
59%
Machina/The Machines of God(2000) The Everlasting Gaze
58%
Mellon Collie and the Infinite Sadness-Dawn to Dusk(1995) Cupid de Locke
55%
Gish(1991) I Am One
55%
Siamese Dream(1993) Sweet Sweet
55%
Mellon Collie and the Infinite Sadness-Dawn to Dusk(1995) Fuck You (An Ode to No One)
54%
Mellon Collie and the Infinite Sadness-Twilight to Starlight(1995) Lily (My One and Only)
54%
Gish(1991) Daydream
53%
Mellon Collie and the Infinite Sadness-Twilight to Starlight(1995) Farewell and Goodnight
53%
Mellon Collie and the Infinite Sadness-Dawn to Dusk(1995) Porcelina of the Vast Oceans
53%
Mellon Collie and the Infinite Sadness-Twilight to Starlight(1995) Where Boys Fear to Tread
53%
Mellon Collie and the Infinite Sadness-Twilight to Starlight(1995) By Starlight
52%
Gish(1991) Crush
52%
Mellon Collie and the Infinite Sadness-Twilight to Starlight(1995) We Only Come Out at Night
52%
Rotten Apples(2001) Drown
51%
Mellon Collie and the Infinite Sadness-Dawn to Dusk(1995) Muzzle
51%
Machina/The Machines of God(2000) Stand Inside Your Love
51%
Mellon Collie and the Infinite Sadness-Twilight to Starlight(1995) Tales of a Scorched Earth
51%
The Aeroplane Flies High(1996) The Aeroplane Flies High(Turns Left, Looks Right)
51%
Mellon Collie and the Infinite Sadness-Twilight to Starlight(1995) Bodies
49%
Cyr(2020) Cyr
49%
Gish(1991) Snail
49%
Gish(1991) Bury Me
48%
Adore(1998) For Martha
48%
Pisces Iscariot(1994) Starla
48%
Mellon Collie and the Infinite Sadness-Twilight to Starlight(1995) Stumbleine
48%
Mellon Collie and the Infinite Sadness-Dawn to Dusk(1995) Take Me Down
48%
Gish(1991) Tristessa
48%
Oceania(2012) Oceania
47%
Adore(1998) Tear
47%
Adore(1998) To Sheila
46%
Zeitgeist(2007) United States
46%
Mellon Collie and the Infinite Sadness-Twilight to Starlight(1995) Beautiful
45%
Machina/The Machines of God(2000) | Machine II/The Friends and Enemies of Modern Music(2000) Blue Skies Bring Tears
45%
The Aeroplane Flies High(1996) Pennies
45%
Pisces Iscariot(1994) Whir
45%
Gish(1991) Window Paine
45%
Adore(1998) Pug
44%
Mellon Collie and the Infinite Sadness-Dawn to Dusk(1995) To Forgive
44%
Adore(1998) Appels + Oranjes
42%
Lull(1991) | Pisces Iscariot(1994) Blue
42%
Mellon Collie and the Infinite Sadness-Twilight to Starlight(1995) In the Arms of Sleep
42%
Gish(1991) Suffer
42%
Adore(1998) 17
41%
Rotten Apples(2001) Eye
41%
Pisces Iscariot(1994) Hello Kitty Kat
41%
Zeitgeist(2007) Tarantula
41%
Machina/The Machines of God(2000) Try, Try, Try
41%
Atum: A Rock Opera in Three Acts: Act One(2022) Atum
40%
Adore(1998) Crestfallen
40%
Adore(1998) Daphne Descends
40%
Zeitgeist(2007) Doomsday Clock
40%
Machine II/The Friends and Enemies of Modern Music(2000) Go
40%
Zeitgeist(2007) That's the Way(My Love Is)
40%
The Aeroplane Flies High(1996) Blank
39%
Machina/The Machines of God(2000) Heavy Metal Machine
39%
Pisces Iscariot(1994) Obscured
39%
The Aeroplane Flies High(1996) Ugly
39%
Adore(1998) Blank Page
38%
The Aeroplane Flies High(1996) The Boy
38%
Adore(1998) Annie-Dog
36%
Machine II/The Friends and Enemies of Modern Music(2000) Glass
36%
Pisces Iscariot(1994) | Siamese Dream(Japanese Edition)(1993) Pissant
36%
The Aeroplane Flies High(1996) Rotten Apples
36%
Machina/The Machines of God(2000) The Crying Tree of Mercury
36%
Machina/The Machines of God(2000) This Time
35%
Adore(1998) Behold! The Night Mare
34%
The Aeroplane Flies High(1996) Cherry
34%
Shiny and Oh So Bright, Vol. 1 / LP: No Past. No Future. No Sun.(2018) Silvery Sometimes (Ghosts)
34%
Adore(1998) The Tale of Dusty and Pistol Pete
34%
Oceania(2012) My Love is Winter
33%
Monuments to an Elegy(2014) Tiberius
33%
Aghori Mhori Mei(2024) 999
32%
Machina/The Machines of God(2000) I of the Mourning
32%
Shiny and Oh So Bright, Vol. 1 / LP: No Past. No Future. No Sun.(2018) Solara
32%
Non-Album(1997) The End is the Beginning is the End
32%
Machina/The Machines of God(2000) The Sacred and Profane
32%
Machina/The Machines of God(2000) Wound
32%
Zeitgeist(Bonus)(2007) Zeitgeist
32%
Machina/The Machines of God(2000) Age of Innocence
31%
Machine II/The Friends and Enemies of Modern Music(2000) If There Is a God
31%
Pisces Iscariot(1994) Plume
31%
Machina/The Machines of God(2000) Raindrops + Sunshowers
31%
Rotten Apples(2001) Untitled
31%
Machina/The Machines of God(2000) With Every Light
31%
Atum: A Rock Opera in Three Acts: Act Two(2023) Beguiled
29%
Machina/The Machines of God(2000) Glass and the Ghost Children
29%
The Aeroplane Flies High(1996) God
29%
Shiny and Oh So Bright, Vol. 1 / LP: No Past. No Future. No Sun.(2018) Knights of Malta
29%
The Aeroplane Flies High(1996) Meladori Magpie
29%
Monuments to an Elegy(2014) Monuments
29%
Monuments to an Elegy(2014) One and All (We Are)
29%
Adore(1998) Shame
29%
Machina/The Machines of God(2000) The Imploding Voice
29%
The Aeroplane Flies High(1996) Medellia of the Grey Skies
28%
Machine II/The Friends and Enemies of Modern Music(2000) Real Love
28%
Machine II/The Friends and Enemies of Modern Music(2000) Speed Kills
28%
Oceania(2012) The Chimera
28%
Monuments to an Elegy(2014) Being Beige
27%
Pisces Iscariot(1994) Frail and Bedazzled
27%
The Aeroplane Flies High(1996) ...Said Sadly
27%
Aghori Mhori Mei(2024) Sighommi
27%
Oceania(2012) The Celestials
27%
Zeitgeist(2007) 7 Shades of Black
26%
Pisces Iscariot(1994) Blew Away
26%
Aghori Mhori Mei(2024) Pentagrams
26%
Cyr(2020) The Colour of Love
26%
The Aeroplane Flies High(1996) Transformer
26%
Machine II/The Friends and Enemies of Modern Music(2000) Here's to the Atom Bomb
25%
Cyr(2020) Ramona
25%
The Aeroplane Flies High(1996) Set the Ray to Jerry
25%
Cyr(2020) Wyttch
25%
Pisces Iscariot(1994) La Dolly Vita
24%
The Aeroplane Flies High(1996) Marquis in Spades
24%
The Aeroplane Flies High(1996) Mouths of Babes
24%
Oceania(2012) Pinwheels
24%
Cyr(2020) Purple Blood
24%
Oceania(2012) Quasar
24%
Shiny and Oh So Bright, Vol. 1 / LP: No Past. No Future. No Sun.(2018) Seek and You Shall Destroy
24%
Aghori Mhori Mei(2024) Who Goes There
24%
Machine II/The Friends and Enemies of Modern Music(2000) Cash Car Star
22%
Machine II/The Friends and Enemies of Modern Music(2000) Let Me Give the World to You
22%
Oceania(2012) Violet Rays
22%
Aghori Mhori Mei(2024) War Dreams of Itself
22%
Zeitgeist(2007) Bleeding the Orchid
21%
Monuments to an Elegy(2014) Dorian
21%
Machine II/The Friends and Enemies of Modern Music(2000) Dross
21%
Monuments to an Elegy(2014) Drum + Fife
21%
Aghori Mhori Mei(2024) Edin
21%
Adore(1998) Once Upon a Timr
21%
Monuments to an Elegy(2014) Run2me
21%
Pisces Iscariot(1994) Spaced
21%
Cyr(2020) Birch Grove
20%
Cyr(2020) Confessions of a Dopamine Addict
20%
Gish(Hidden)(1991) I'm Going Crazy
20%
The Aeroplane Flies High(1996) Jupiter's Lament
20%
Oceania(2012) Pale Horse
20%
Oceania(2012) Panopticon
20%
Monuments to an Elegy(2014) Anaise!
19%
Monuments to an Elegy(2014) Anti-Hero
19%
Atum: A Rock Opera in Three Acts: Act Two(2023) Empires
19%
Zeitgeist(2007) Neverlost
19%
Zeitgeist(2007) Pomp and Circumstances
19%
Zeitgeist(2007) Starz
19%
Cyr(2020) Tyger, Tyger
19%
Oceania(2012) Wildflower
19%
Zeitgeist(2007) Bring the Light
18%
Teargarden by Kaleidyscope(2009-2011) Freak
18%
Atum: A Rock Opera in Three Acts: Act One(2022) Hooray!
18%
Machine II/The Friends and Enemies of Modern Music(2000) In My Body
18%
Machine II/The Friends and Enemies of Modern Music(2000) Innosense
18%
Aghori Mhori Mei(2024) Murnau
18%
Machine II/The Friends and Enemies of Modern Music(2000) Slow Dawn
18%
Lull(1991) Slunk
18%
Atum: A Rock Opera in Three Acts: Act Two(2023) Springtimes
18%
Atum: A Rock Opera in Three Acts: Act One(2022) With Ado I Do
18%
Cyr(2020) Anna Santana
16%
Teargarden by Kaleidyscope(2009-2011) Astral Planes
16%
Atum: A Rock Opera in Three Acts: Act Two(2023) Avalanche
16%
Zeitgeist(2007) (Come On)Let's Go!
16%
Oceania(2012) Glissandra
16%
Aghori Mhori Mei(2024) Goeth the Fall
16%
Oceania(2012) Inkless
16%
Teargarden by Kaleidyscope(2009-2011) Lightning Strikes
16%
Machine II/The Friends and Enemies of Modern Music(2000) Lucky 13
16%
Oceania(2012) One Diamond, One Heart
16%
American Gothic(2008) Pox
16%
Machine II/The Friends and Enemies of Modern Music(2000) Saturnine
16%
The Aeroplane Flies High(1996) The Bells
16%
Machine II/The Friends and Enemies of Modern Music(2000) White Spyder
16%
American Gothic(2008) Again, Again, Again(The Crux)
15%
Teargarden by Kaleidyscope(2009-2011) A Stitch in Time
15%
The Aeroplane Flies High(1996) Believe
15%
Atum: A Rock Opera in Three Acts: Act One(2022) Butterfly Suite
15%
Lull(1991) Bye June
15%
Non-Album(1997) Christmastime
15%
Atum: A Rock Opera in Three Acts: Act Two(2023) Every Morning
15%
Cyr(2020) Haunted
15%
Machine II/The Friends and Enemies of Modern Music(2000) Home
15%
Atum: A Rock Opera in Three Acts: Act One(2022) Hooligan
15%
The Aeroplane Flies High(1996) Pastichio Medley
15%
Aghori Mhori Mei(2024) Pentecost
15%
Pisces Iscariot(1994) Smooth
15%
Atum: A Rock Opera in Three Acts: Act Three(2023) Spellbinding
15%
Atum: A Rock Opera in Three Acts: Act One(2022) The Gold Mask
15%
The Aeroplane Flies High(1996) The Last Song
15%
Teargarden by Kaleidyscope(2009-2011) Tom Tom
15%
Machine II/The Friends and Enemies of Modern Music(2000) Vanity
15%
Teargarden by Kaleidyscope(2009-2011) A Song for a Sun
14%
Atum: A Rock Opera in Three Acts: Act One(2022) Beyond the Vale
14%
Zeitgeist(Bonus)(2007) Death From Above
14%
Cyr(2020) Dulcet in E
14%
Atum: A Rock Opera in Three Acts: Act Three(2023) Fireflies
14%
Zeitgeist(2007) For God and Country
14%
Machine II/The Friends and Enemies of Modern Music(2000) Le Deux Machina
14%
Atum: A Rock Opera in Three Acts: Act Two(2023) Moss
14%
Atum: A Rock Opera in Three Acts: Act Three(2023) Of Wings
14%
Peel Sessions(1992) Smiley
14%
Atum: A Rock Opera in Three Acts: Act One(2022) Steps in Time
14%
Teargarden by Kaleidyscope(2009-2011) Teargarden Theme
14%
Cyr(2020) Telegenix
14%
Atum: A Rock Opera in Three Acts: Act Three(2023) The Canary Trainer
14%
Teargarden by Kaleidyscope(2009-2011) The Fellowship
14%
The Aeroplane Flies High(1996) Tonite Reprise
14%
Shiny and Oh So Bright, Vol. 1 / LP: No Past. No Future. No Sun.(2018) Travels
14%
Shiny and Oh So Bright, Vol. 1 / LP: No Past. No Future. No Sun.(2018) Alienation
13%
Atum: A Rock Opera in Three Acts: Act Three(2023) Cenotaph
13%
Atum: A Rock Opera in Three Acts: Act One(2022) Embracer
13%
Aghori Mhori Mei: Madame ZuZu's edition(2024) Formosa
13%
Pisces Iscariot(1994) Honey Spider II
13%
Cyr(2020) Minerva
13%
Atum: A Rock Opera in Three Acts: Act Two(2023) Neophyte
13%
Atum: A Rock Opera in Three Acts: Act Two(2023) Night Waves
13%
Aghori Mhori Mei: Madame ZuZu's edition(2024) Our Lady of Sorrows
13%
Teargarden by Kaleidyscope(2009-2011) Owata
13%
Atum: A Rock Opera in Three Acts: Act Three(2023) Pacer
13%
Aghori Mhori Mei(2024) Sicarus
13%
Atum: A Rock Opera in Three Acts: Zodion at Crystal Hall(2023) Simmatar
13%
Atum: A Rock Opera in Three Acts: Act Three(2023) Sojourner
13%
Atum: A Rock Opera in Three Acts: Act Three(2023) That Which Animates the Spirit
13%
Atum: A Rock Opera in Three Acts: Act Two(2023) The Culling
13%
Atum: A Rock Opera in Three Acts: Act One(2022) The Good in Goodbye
13%
Cyr(2020) The Hidden Sun
13%
Atum: A Rock Opera in Three Acts: Act Two(2023) To the Grays
13%
Atum: A Rock Opera in Three Acts: Act One(2022) Where Rain Must Fall
13%
Shiny and Oh So Bright, Vol. 1 / LP: No Past. No Future. No Sun.(2018) With Sympathy
13%
Cyr(2020) Wrath
13%
Cyr(2020) Adrennalynne
12%
Cyr(2020) Black Forest, Black Hills
12%
Atum: A Rock Opera in Three Acts: Zodion at Crystal Hall(2023) Burr
12%
Teargarden by Kaleidyscope(2009-2011) Cottonwood Symphony
12%
Atum: A Rock Opera in Three Acts: Act Three(2023) Harmageddon
12%
Atum: A Rock Opera in Three Acts: Zodion at Crystal Hall(2023) Huzzah!
12%
Atum: A Rock Opera in Three Acts: Act Three(2023) In Lieu of Failure
12%
Atum: A Rock Opera in Three Acts: Act Three(2023) Intergalactic
12%
Zeitgeist(Bonus)(2007) Ma Belle
12%
Shiny and Oh So Bright, Vol. 1 / LP: No Past. No Future. No Sun.(2018) Marchin' On
12%
Atum: A Rock Opera in Three Acts: Zodion at Crystal Hall(2023) MaryQ
12%
Atum: A Rock Opera in Three Acts: Zodion at Crystal Hall(2023) Necromance
12%
Pisces Iscariot(1994) Not Without Asking
12%
Adore(Bonus)(1998) Once In a While
12%
Cyr(2020) Schaudenfreud
12%
Atum: A Rock Opera in Three Acts: Act Two(2023) Space Age
12%
Teargarden by Kaleidyscope(2009-2011) Spangled
12%
Cyr(2020) Starrcraft
12%
American Gothic(2008) Sunkissed
12%
American Gothic(2008) The Rose March
12%
The Aeroplane Flies High(1996) Tonight, Tonoght
12%
The Aeroplane Flies High(1996) Tribute to Johnny
12%
Teargarden by Kaleidyscope(2009-2011) Widow Wake My Mind
12%
Atum: A Rock Opera in Three Acts: Zodion at Crystal Hall(2023) Automaton
11%
Cyr(2020) Save Your Tears
11%
Atum: A Rock Opera in Three Acts: Zodion at Crystal Hall(2023) Zope
9%
Atum: A Rock Opera in Three Acts: Zodion at Crystal Hall(2023) Excelsior
6%
Atum: A Rock Opera in Three Acts: Zodion at Crystal Hall(2023) Magdalena
5%
Atum: A Rock Opera in Three Acts: Zodion at Crystal Hall(2023) Saffron
4%
No matching quizzes found
Score Distribution
Percent of People with Each Score
Percentile by Number Answered
Your Score History
You have not taken this quiz since the last reset